Elogio de la virtud : texto del discurso pronunciado el día 18 de diciembre de 1955 [...] por el Excelentísimo señor D. Joaquín Buxó de Abaigar [...] en la XCIX celebración de la fiesta del reparto de premios a la Virtud y al Mérito, de la Sociedad Económica Barcelonesa de Amigos del País texto del discurso pronunciado el día 18 de diciembre de 1955 [...] por el Excelentísimo señor D. Joaquín Buxó de Abaigar [...] en la XCIX celebración de la fiesta del reparto de premios a la Virtud y al Mérito, de la Sociedad Económica Barcelonesa de Amigos del País
Descripción Física:
20 p. ; 25 cm
MARC
| LEADER | 00000nam a2200000Ia 4500 | ||
|---|---|---|---|
| 001 | 1747 | ||
| 008 | 160829s9999 xx 000 0 cat d | ||
| 080 | |a FU-4-39 | ||
| 110 | 1 | |a Barcelona (Catalunya : Província). |b President (1949-1967 : Buxó de Abaigar) |9 54218 | |
| 245 | |a Elogio de la virtud : |b texto del discurso pronunciado el día 18 de diciembre de 1955 [...] por el Excelentísimo señor D. Joaquín Buxó de Abaigar [...] en la XCIX celebración de la fiesta del reparto de premios a la Virtud y al Mérito, de la Sociedad Económica Barcelonesa de Amigos del País | ||
| 260 | |a [Barcelona] : |b Sección de Prensa de la Diputación Provincial de Barcelona, [1955?] | ||
| 300 | |a 20 p. ; |c 25 cm | ||
| 650 | |a Virtut |9 23132 | ||
| 650 | |a Premios a la Virtud y al Mérito |9 21540 | ||
| 710 | 1 | |a Barcelona (Catalunya : Província). |b Diputació |9 52408 | |
| 901 | |a Arxiu | ||
| 942 | |n 1 |2 udc | ||
| 952 | |0 0 |1 0 |4 0 |6 FU439 |7 1 |9 42550 |a Arxiu |b Arxiu |d 2016-12-01 |l 0 |o FU-4-39 |p 1747 |r 2016-12-01 00:00:00 |w 2016-12-01 |y ARXIU | ||
| 999 | |c 45055 |d 45055 | ||